000 00622nam a2200277Ia 4500
005 20260324135247.0
008 008 260324s9999 xx 000 0 eng d
020 _a9780080498188
037 _aEBOOK
040 _aCRL
040 _beng
040 _cCRL
041 _2eng
041 _aeng
084 _qCRL
100 _aJohn Chilton
_91199939
245 0 _aSpace Grid Structures
260 _bTaylor and Francis
260 _c2000
365 _a
365 _b145
856 _uhttp://www.taylorfrancis.com/books/9780080498188
942 _cEBOOK
999 _c1800818
_d1800818